|
|
|
|
| LEADER |
00000naa2a2200000 4500 |
| 001 |
267575 |
| 005 |
20231031223805.0 |
| 035 |
|
|
|a (RuTPU)RU\TPU\book\290632
|
| 035 |
|
|
|a RU\TPU\book\290629
|
| 090 |
|
|
|a 267575
|
| 100 |
|
|
|a 20140731d2014 k y0rusy50 ca
|
| 101 |
0 |
|
|a rus
|
| 102 |
|
|
|a RU
|
| 200 |
1 |
|
|a Методика оценки и прогноза эколого-геохимического состояния поверхностных вод (на примере реки Москвы)
|f Т. И. Баранова, Е. А. Полищук
|
| 320 |
|
|
|a Библиогр.: с. 119 (5 назв.)
|
| 463 |
|
0 |
|0 (RuTPU)RU\TPU\book\283103
|t Ч.2
|v с. 114-119
|d 2014
|p 244 с.
|
| 700 |
|
1 |
|a Баранова
|b Т. И.
|
| 701 |
|
1 |
|a Полищук
|b Е. А.
|
| 801 |
|
1 |
|a RU
|b 63413507
|c 20140731
|
| 801 |
|
2 |
|a RU
|b 63413507
|c 20140731
|g RCR
|
| 942 |
|
|
|c BK
|